Growth, equity, environment, and population : (Record no. 58778)
[ view plain ]
| 000 -LEADER | |
|---|---|
| fixed length control field | 01113nam a2200301 a 4500 |
| 001 - CONTROL NUMBER | |
| control field | 58778 |
| 003 - CONTROL NUMBER IDENTIFIER | |
| rucl marc code | BD-RjUL |
| 005 - DATE AND TIME OF LATEST TRANSACTION | |
| control field | 20211209080645.0 |
| 008 - FIXED-LENGTH DATA ELEMENTS--GENERAL INFORMATION | |
| fixed length control field | 161219s2008 ii a b 001 0 eng |
| 020 ## - INTERNATIONAL STANDARD BOOK NUMBER | |
| International Standard Book Number | 9780761936770 (hard back) |
| 035 ## - SYSTEM CONTROL NUMBER | |
| System control number | (BD-RjUL)58902 |
| 040 ## - CATALOGING SOURCE | |
| Original cataloging agency | DLC |
| Transcribing agency | DLC |
| Modifying agency | BD-RjUL |
| Language of cataloging | eng |
| 041 ## - LANGUAGE CODE | |
| Language code of text/sound track or separate title | eng |
| 082 00 - DEWEY DECIMAL CLASSIFICATION NUMBER | |
| Classification number | 338.954 |
| Edition number | 23 |
| Author mark and year | GRO 2008 |
| 245 00 - TITLE STATEMENT | |
| Title | Growth, equity, environment, and population : |
| Remainder of title | economic and sociological perspectives / |
| Statement of responsibility, etc. | edited by Kanchan Chopra, C.H. Hanumantha Rao. |
| 260 ## - PUBLICATION, DISTRIBUTION, ETC. (IMPRINT) | |
| Place of publication, distribution, etc. | New Delhi : |
| Name of publisher, distributor, etc. | SAGE Publications, |
| Date of publication, distribution, etc. | 2008. |
| 300 ## - PHYSICAL DESCRIPTION | |
| Pagination | xx, 465 p. : |
| Illustrations | ill. ; |
| Size | 25 cm. |
| 490 0# - SERIES STATEMENT | |
| Series statement | Studies in economic and social development ; |
| Volume/sequential designation | no. 59 |
| 504 ## - BIBLIOGRAPHY, ETC. NOTE | |
| Bibliography, etc | Includes bibliographical references and index. |
| 650 #0 - SUBJECT ADDED ENTRY--TOPICAL TERM | |
| Topical term or geographic name as entry element | Economic development |
| Geographic subdivision | India. |
| 9 (RLIN) | 174408 |
| Topical term or geographic name as entry element | Regional disparities |
| Geographic subdivision | India. |
| 9 (RLIN) | 174743 |
| Topical term or geographic name as entry element | Free trade |
| Geographic subdivision | India. |
| 9 (RLIN) | 174744 |
| 651 #0 - SUBJECT ADDED ENTRY--GEOGRAPHIC NAME | |
| Geographic name | India |
| General subdivision | Economic policy |
| Chronological subdivision | 1991- |
| 9 (RLIN) | 174745 |
| Geographic name | India |
| General subdivision | Social conditions |
| Chronological subdivision | 21st century. |
| 9 (RLIN) | 174746 |
| 700 1# - ADDED ENTRY--PERSONAL NAME | |
| Personal name | Chopra, Kanchan Ratna. |
| Personal name | Hanumantha Rao, C. H. |
| 942 ## - ADDED ENTRY ELEMENTS (KOHA) | |
| Source of classification or shelving scheme | Dewey Decimal Classification |
| Koha item type | Books |
| Lost status | Source of classification or shelving scheme | Damaged status | Not for loan | Collection code | Permanent Location | Current Location | Shelving location | Date acquired | Source of acquisition | Cost, normal purchase price | Total Checkouts | Full call number | Date last seen | Copy number | Koha item type |
|---|---|---|---|---|---|---|---|---|---|---|---|---|---|---|---|
| Dewey Decimal Classification | Not For Loan | Non-fiction | Central Library, University of Rajshahi | Central Library, University of Rajshahi | Reading Room | 19/10/2010 | Dhaka,Paragon Enterprise Lit., | 1500.00 | 338.954 GRO 2008 | 19/12/2016 | C-1 | Books |